000 00510nam a22001817a 4500
999 _c20783
_d20783
003 BDDh-ASL
005 20231015025932.0
008 210113n pk ||||| |||| 00| 0 eng d
040 _cBDDh-ASL
082 _a297.5
_bNAI
100 1 _92754
_aNadawi, Abul Hasan Ali
245 0 0 _aIslam and the World /
260 _aLahore:
_bThe Academy of Islamic Research & Publications,
300 _a195 p.:
_c22 cm.
650 0 _91652
_aIslam
_xReligion
700 1 _92755
_aQidwai, Muhammad Asaf
942 _2ddc
_cBK